000 00923cab a2200181 4500
001 ##L132957
008 060327n2006 000 0 eng u
035 _a(Sirsi) u132957
041 0 _aeng
100 1 _aMartin, Joe
245 0 0 _aShow me the money
260 _c2006
490 0 _aRICS Building Surveying Faculty The Journal
_vMarch / April 2006, 17(1)
520 _aBCIS has produced an updated version of the "Housing repair cost guide" (ISBN 1904829295) which provides initial guidance on current levels of cost for a range of typical building works that may be carried out to comply with the findings from a homebuyers report. It provides information necessary to price a defect or repair to both external and internal parts of a building, together with external works and drainage.
590 _aIKA280306
690 _aBUILT ENVIRONMENT-BUILDING MAINTENANCE AND REFURBISHMENT-MAINTENANCE COSTS
942 _n0
999 _c76715
_d76715